| 000 | 01103nam a2200265Ia 4500 | ||
|---|---|---|---|
| 003 | GCL | ||
| 008 | 140319s9999 xx 000 0 ara d | ||
| 020 | _a5227705977 | ||
| 040 |
_aGCL / _cGCL |
||
| 082 | 0 | 4 |
_a939.7 _bع ر |
| 100 | 1 | _aعبدالعزيز عبدالفتاح حجازى | |
| 245 | 1 | 0 |
_aروما وافريقيا / _cعبدالعزيز عبدالفتاح حجازى |
| 260 |
_aالقاهرة : _bمكتبة الانجلوالمصرية ، _c2007 |
||
| 300 |
_a231 ص ؛ _c24 سم |
||
| 650 | 0 | 4 | _aافريقيا الشمالية |
| 650 | 0 | 4 | _aفتح شمال افريقيا |
| 650 | 0 | 4 | _aافريقيا الشمالية - الاحوال الاجتماعية |
| 650 | 0 | 4 | _aالقبائل العربية - ليبيا |
| 650 | 0 | 4 | _aالحرب البونية الثالثة 149 - 146 ق . م |
| 650 | 0 | 4 | _aافريقيا الشمالية - الحدود السياسية |
| 650 | 0 | 4 | _aافريقيا الشمالية - تاريخ - الحرب الاهلية |
| 650 | 0 | 4 | _aافريقيا - تاريخ - العصر الباكر |
| 650 | 0 | 4 | _aحرب بوجورتا |
| 942 |
_2ddc _cBK |
||
| 999 |
_c9818 _d9818 |
||